Stolice terytoriów zależnych Z MAPĄ - Poziom Trudny - Statystyki

Ogólne statystyki
  • Ten quiz został rozwiązany 179 razy
  • Średni wynik to 8 z 22
Odpowiedzi na mapie
Odpowiedzi zakodowano w zielono-czerwonej skali na mapie do tego quizu, zgodnie z poniższymi procentami.
 
Statystyki odpowiedzi
Terytorium Państwo zależne/okupant Stolica % Poprawnych
Gibraltar Wielka Brytania Gibraltar
83%
Grenlandia Dania Nuuk (Godthåb)
81%
Gujana Francuska Francja Kajenna
57%
Portoryko Stany Zjednoczone San Juan
45%
Wyspy Owcze Dania Thorshavn
45%
Bermudy Wielka Brytania Hamilton
41%
Wyspa Man Wielka Brytania Douglas
38%
Sahara Zachodnia Maroko Al-Ujun/Tifariti
37%
Falklandy Wielka Brytania Stanley
37%
Saint-Pierre i Miquelon Francja Saint-Pierre
36%
Nowa Kaledonia Francja Numea
34%
Polinezja Francuska Francja Papeete
33%
Guam Stany Zjednoczone Hagåtña
29%
Palestyna Izrael Ramallah
29%
Curaçao Holandia Willemstad
29%
Wyspa Świętej Heleny Wielka Brytania Jamestown
26%
Svalbard Norwegia Longyearbyen
26%
Reunion Francja Saint-Denis
24%
Samoa Amerykańskie Stany Zjednoczone Fagatogo/Utulei
23%
Martynika Francja Fort-de-France
22%
Wyspy Cooka Nowa Zelandia Avarua
21%
Wyspa Bożego Narodzenia Australia Flying Fish Cove
21%
Nie znaleziono quizów pasujących do podanych kryteriów
Rozkład punktacji
Procent ludzi z każdym wynikiem
Percentyl według liczby udzielonych odpowiedzi
Twoja historia wyników
Nie rozwiązałeś tego quizu